Si España cae___ : asalto nacionalista al Estado /

Guardado en:
Detalles Bibliográficos
Autor principal: Alonso de los Ríos, César (autor)
Formato: Libro
Idioma:Español
Publicado: Madrid, España : Espasa-Calpe, 1994, c1994
Colección:(Espasa Hoy)
Temas:
Etiquetas: Agrega una etiqueta
Sin etiquetas, Sé el primero en etiquetar este registro!

MARC

LEADER 00000nam^a2200000^a^4500
001 000325841
005 20250521000000.0
009 20260310113750.484
020 |a 84-239-7714-5 
037 |a Acervo Xavier Clavigero 
041 |a ESP 
082 |a 320. 94608  |b ALO 
100 |a Alonso de los Ríos, César  |e (autor) 
245 1 0 |a Si España cae___ :  |b asalto nacionalista al Estado /  |c C. Alonso de los Ríos. 
264 4 |a Madrid, España :  |b Espasa-Calpe,  |c 1994, c1994 
300 |a 198 p. 
336 |a texto  |b txt  |2 rdacontenido 
337 |a sin mediación  |b n  |2 rdamedio 
338 |a volumen  |b nc  |2 rdasoporte 
440 1 |a (Espasa Hoy) 
649 |a XX 
650 |a Identidad Nacional -  |z España 
650 |a Nacionalismo -  |z España 
650 |a División Política y Administrativa -  |z España 
650 |a Nación -  |z España 
650 |a Política -  |z España -  |x Historia -  |y Siglo XX -  |x Tema Principal 
650 |a España -  |x Condiciones Políticas 
910 |a Fondo General 
920 |a Impresos - Libros 
930 |a Colección General 
905 |a 101 
901 |a 0500214376  |b IT1  |c ACC  |u 20250521 
902 |a https://opac.biblio.iteso.mx/vufind/Record/000325841